00700 2200265 4500001002100000005001700021008004100038020001800079035002400097082001100121090001800132100001900150245006400169250001100233260003100244300002500275500003100300650002100331700001900352850001500371980001300386985000600399986001400405999001500419YOGYA-0209000000379320090227020645.0 ind  a979-413-540-2 0010-020900000003793 a639.31 a639.31bAfr T aAFRIANTO, Eddy aTeknik pembuatan tambak udangcEddy Afrianto, Evi Liviawaty aCet. 1 aYogyakartabKanisiusc1991 a132 hlmbilusc21 cm aBibliografi : hlm. 129-132 aUdang - Budidaya aLiviawaty, Evi aYOPDYOG(B) a15-03-06 a1 amudirtrev a99P0069404